000 01366nac a22003610a 4500
001 PT7693
003 AR-LpoUNG
005 20210201004914.0
008 201001s2000||||ag |||||||||||||||||spa d
020 _a9504902499 (v. 5)
_c$13.06
040 _aAR-LpoUNG
_bspa
_eaacr
041 _aspa
044 _aag
082 0 _a982 168 v5
245 1 0 _aNueva historia de la Nación Argentina :
_btomo 5
250 _a1ra. ed.
260 _aBuenos Aires :
_bPlaneta,
_c2000.
300 _a543 p. :
_bfot., mapas, tbls.
_a(10
_fVolúmenes)
_3Impreso
490 0 _aNueva historia de la Nación Argentina
520 _a<p>La Nueva historia de la Nación Argentina es una obra orgánica colectiva emprendida por la Academia Nacional de la Historia. Su propósito es presentar una visión integral del pasado argentino, desde la época prehispánica hasta el siglo XX a través de aportes provenientes del actual movimeinto historigráfico en sus distintas especialidades y orientaciones.</p>
650 4 _aADMINISTRACION
650 4 _aCONSTITUCIONES
650 4 _aFINANZAS LOCALES
650 4 _aHACIENDA PUBLICA
650 4 _aINDEPENDENCIA
650 4 _aPOLITICA
650 4 _aPOLITICA ECONOMICA
650 4 _aPOLITICA INTERNACIONAL
650 4 _aRELIGION
710 2 _aAcademia Nacional de la Historia (Buenos Aires)
905 _a7693
942 _cLIB
999 _c47854
_d47854